000 00570cam a2200181 a 4500
020 _a0727703633
082 _a624.068
_bCIV
245 0 0 _aCivil engineering procedure /
_c[drafting committee, J.V. Tagg ... [et al.]].
250 _a4th ed.
260 _aLondon :
_bT. Telford,
_c1986.
300 _a114 p. :
_bill. ;
_c22 cm.
526 _a0
_b0
_c0
_d624_068000000000000_CIV
650 0 _aCivil engineering.
650 0 _aEngineering
_xManagement.
700 1 _aTagg, J. V.
_936886
710 2 _aInstitution of Civil Engineers (Great Britain)
_925323
942 _2ddc
_cBK
999 _c546191
_d546191